000 00314nam a22001337a 4500
008 170508b xxu||||| |||| 00| 0 eng d
020 _a9780805092059
041 _aeng
080 _a34
100 _a14
101 _ashj
245 _awith liberty and justice for some
_cGREENWALD.G
942 _2udc
_cBK
999 _c12853
_d12853